Mô hình tập đoàn kinh tế nhà nước ở Việt Nam đến năm 2020
Nội dung sách giới thiệu các tập đoàn kinh tế, tập đoàn kinh tế nhà nước, nghiên cứu một số tập đoàn kinh tế nhà nước trên thế giới.
Sparad:
| Huvudupphovsman: | |
|---|---|
| Materialtyp: | Bok |
| Språk: | Undetermined |
| Publicerad: |
Hà Nội
Chính trị quốc gia-Sự thật
2013
|
| Ämnen: | |
| Taggar: |
Lägg till en tagg
Inga taggar, Lägg till första taggen!
|
| Thư viện lưu trữ: | Trung tâm Học liệu Trường Đại học Cần Thơ |
|---|
| LEADER | 00974nam a2200217Ia 4500 | ||
|---|---|---|---|
| 001 | CTU_180575 | ||
| 008 | 210402s9999 xx 000 0 und d | ||
| 020 | |c 57000 | ||
| 082 | |a 338.809597 | ||
| 082 | |b Tr513 | ||
| 100 | |a Phạm, Quang Trung | ||
| 245 | 0 | |a Mô hình tập đoàn kinh tế nhà nước ở Việt Nam đến năm 2020 | |
| 245 | 0 | |c Phạm Quang Trung chủ biên ... [et al.] | |
| 260 | |a Hà Nội | ||
| 260 | |b Chính trị quốc gia-Sự thật | ||
| 260 | |c 2013 | ||
| 520 | |a Nội dung sách giới thiệu các tập đoàn kinh tế, tập đoàn kinh tế nhà nước, nghiên cứu một số tập đoàn kinh tế nhà nước trên thế giới. | ||
| 650 | |a Economics development,Big business enterprises,Tập đoàn kinh tế | ||
| 650 | |z Vietnam,Vietnam,Việt Nam | ||
| 904 | |i Tuyến | ||
| 980 | |a Trung tâm Học liệu Trường Đại học Cần Thơ | ||